| 000 | 00434nam a2200133Ia 4500 | ||
|---|---|---|---|
| 008 | 250506s9999 xx 000 0 und d | ||
| 024 | _a07A-001-BS, 08B-36-BS & 08B-30-BS | ||
| 082 | _a005.1072 MUH | ||
| 100 | _aMuhammad Kashif Noor, Qazi Munib Hanif & Sohaib Patel | ||
| 245 | 0 | _aAndroid Based Task Management System | |
| 260 |
_aKarachi: _bUIT, _c2008 |
||
| 600 | _aComputer Science | ||
| 650 | _aBachelor of Computer Science (BS) | ||
| 999 |
_c28742 _d28742 |
||